| 000 | 00426nam a22001577a 4500 | ||
|---|---|---|---|
| 008 | 230511b |||||||| |||| 00| 0 eng d | ||
| 040 |
_aNational Science Library _cNational Science Library |
||
| 080 |
_aR 91(038) _bL0 |
||
| 100 | _aMonkhouse, F J | ||
| 245 | _aDictionary of Geography | ||
| 260 |
_aLondon: _bEdward Arnold, _c1970 |
||
| 300 | _av, 378p. | ||
| 650 | _aGeography | ||
| 653 | _aAutarchy | ||
| 942 |
_2udc _cREF |
||
| 999 |
_c28800 _d28800 |
||